| 000 | 01546nam a2200361Ia 4500 | ||
|---|---|---|---|
| 001 | ebr10597807 | ||
| 003 | CaPaEBR | ||
| 006 | m u | ||
| 007 | cr cn||||||||| | ||
| 008 | 060324s2006 gw a sb 001 0 eng d | ||
| 010 | _z 2006010029 | ||
| 020 | _z3110186152 (hardcover : alk. paper) | ||
| 020 | _z9783110186154 | ||
| 020 | _z9783110898996 | ||
| 040 |
_aCaPaEBR _cCaPaEBR |
||
| 035 | _a(OCoLC)841172149 | ||
| 050 | 1 | 4 |
_aPT5346 _b.K8513 2006eb |
| 082 | 0 | 4 |
_a306.4/81 _222 |
| 100 | 1 |
_aKuipers, Giselinde, _d1971- |
|
| 240 | 1 | 0 |
_aGoede humor, slechte smaak. _lEnglish |
| 245 | 1 | 0 |
_aGood humor, bad taste _h[electronic resource] : _ba sociology of the joke / _cby Giselinde Kuipers ; [translated from the Dutch by Kate Simms]. |
| 260 |
_aBerlin ; _aNew York : _bMouton de Gruyter, _cc2006. |
||
| 300 |
_aviii, 293 p. : _bill. |
||
| 490 | 0 |
_aHumor research, _x1861-4116 ; _v7 |
|
| 500 | _aTranslation of: Goede humor, slechte smaak with revised material and added chapter. | ||
| 504 | _aIncludes bibliographical references (p. [269]-285) and index. | ||
| 533 |
_aElectronic reproduction. _bPalo Alto, Calif. : _cebrary, _d2011. _nAvailable via World Wide Web. _nAccess may be limited to ebrary affiliated libraries. |
||
| 650 | 0 |
_aDutch wit and humor _xHistory and criticism. |
|
| 650 | 0 |
_aWit and humor _xSocial aspects. |
|
| 655 | 7 |
_aElectronic books. _2local |
|
| 710 | 2 | _aebrary, Inc. | |
| 856 | 4 | 0 |
_uhttp://site.ebrary.com/lib/rucke/Doc?id=10597807 _zAn electronic book accessible through the World Wide Web; click to view |
| 999 |
_c109340 _d109340 |
||